Simulation (Record no. 856)

MARC details
000 -LEADER
fixed length control field 00434 a2200169 4500
001 - CONTROL NUMBER
control field 066860
003 - CONTROL NUMBER IDENTIFIER
control field OSt
005 - DATE AND TIME OF LATEST TRANSACTION
control field 20211018151146.0
008 - FIXED-LENGTH DATA ELEMENTS--GENERAL INFORMATION
fixed length control field
082 ## - DEWEY DECIMAL CLASSIFICATION NUMBER
Classification number 003.3
Item number R73S
100 1# - MAIN ENTRY--PERSONAL NAME
Personal name Ross, Sheldon M.
245 1# - TITLE STATEMENT
Title Simulation
Statement of responsibility, etc by Sheldon M. Ross
260 ## - PUBLICATION, DISTRIBUTION, ETC. (IMPRINT)
Place of publication, distribution, etc U.K.
Name of publisher, distributor, etc Academic Press
Date of publication, distribution, etc 2009
300 ## - PHYSICAL DESCRIPTION
Extent 298p.
690 ## - LOCAL SUBJECT ADDED ENTRY--TOPICAL TERM (OCLC, RLIN)
Topical term or geographic name as entry element Computer simulation; Probabilities; Random variables
942 ## - ADDED ENTRY ELEMENTS (KOHA)
Source of classification or shelving scheme Dewey Decimal Classification
Koha item type Books
Holdings
Withdrawn status Lost status Source of classification or shelving scheme Damaged status Not for loan Collection code Home library Current library Date acquired Source of acquisition Cost, normal purchase price Full call number Barcode Date last seen Price effective from Koha item type
    Dewey Decimal Classification     General Text Book Central University Of Rajasthan Central University Of Rajasthan 07/03/2012 MTH 325.00 003.3 R73S 1146 21/11/2024 02/09/2020 Books